000
00295nam a2200133Ia 4500
100
_a
Martin/James
942
_c
BK
654
_a
computer
245
_a
Computer database organisation
260
_b
prentice hall
_a
New Delhi
_c
1986
082
_a
1.6442
_b
MAR
300
_a
713
546
_a
ENGLISH
999
_c
33105
_d
33105